000 00536nam a2200205Ia 4500
005 20240413132640.0
008 131103s9999 xx 000 0 und d
040 _aLoreto College
041 _aEnglish
082 _a370.1
_bRAN
100 _aRanganathan;S.R
245 _aEduction For Leisure
_b S.R Ranganathan
260 _aLondon
_bAsis
_c1961
300 _a175p
440 _aRanganathan series in library science; No-8
504 _aInludes bibliography Index
650 _aEduction
850 _aLCBED
942 _cBK
999 _c26621
_d77100